| 000 | 00740nam a2200205 i 4500 | ||
|---|---|---|---|
| 001 | bg | ||
| 100 | 1 | _aMŁYNARSKI, Tadeusz | |
| 245 | 0 |
_aTeoriia mechanizmów i maszyn : _bskrypt dla studentów wyższych szkół technicznych. _nCz. 3, _pAnaliza kinematyczna mechanizmów / _cTadeusz Młynarski, Antonina Listwan, Edmund Pazderski ; Politechnika Krakowska im. Tadeusza Kościuszki. |
|
| 260 |
_aKraków : _bPK, _c1992. |
||
| 300 |
_a376 s. : _brys., wykr. _c24 cm. |
||
| 504 | _aBibliogr. s. 374-375. | ||
| 700 | 1 | _aLISTWAN, Antonina | |
| 700 | 1 | _aPAZDERSKI, Edmund | |
| 710 | _aPOLITECHNIKA KRAKOWSKA (Kraków) | ||
| 040 | _cBPK | ||
| 041 | _apol | ||
| 080 | _a621.01(075.8) | ||
| 942 | _cKS | ||
| 008 | s pl f |000 0 pol | ||
| 999 |
_c5587 _d5587 |
||
| 856 |
_uhttp://koha.tu.koszalin.pl/cgi-bin/koha/opac-detail.pl?biblionumber=5587 _yKatalog online BPK |
||